000 00659nas a2200241 4500
001 BR7704680
003 BR-BrBNA
005 20231205083237.0
007 ta
008 230509b bl.|||p| |||| 00| 00por d
040 _aBR-BrBNA
_bpor
_cBiblioteca Nacional de Agricultura
041 _a(Pt)
072 _aF00; Q10; H70
100 1 _aCalda, A.O.
245 1 _aArmazenagem de graos na propriedade rural
650 _aGRAO
650 _aARMAZENAMENTO
650 _aARMAZEM
650 _aSILO
773 0 _tGranja (Brazil)
_xISSN 0367-505X
_g(Nov 1977), v. 33(358) p. 44-48
_wBR7704680
909 _a202311
_bLúcia
_c55
_dLúcia Elande
942 _2AGRIS
_n0
_cANA
999 _c97429
_d97429